|
|
|
|
| LEADER |
00000nam1a2200000 4500 |
| 001 |
196515 |
| 005 |
20231031183124.0 |
| 035 |
|
|
|a (RuTPU)RU\TPU\book\214385
|
| 090 |
|
|
|a 196515
|
| 100 |
|
|
|a 20110525d1970 m y0rusy50 ca
|
| 101 |
0 |
|
|a rus
|
| 102 |
|
|
|a RU
|
| 200 |
1 |
|
|a Гравитация и теория относительности
|e [сборник статей]
|f Казанский государственный университет (КГУ)
|
| 210 |
|
|
|a Казань
|c Изд-во Казанского ун-та
|d 1964-1992
|
| 712 |
0 |
2 |
|a Казанский государственный университет (КГУ)
|c (1804-2010)
|2 stltpush
|3 (RuTPU)RU\TPU\col\215
|
| 801 |
|
1 |
|a RU
|b 63413507
|c 20110525
|
| 801 |
|
2 |
|a RU
|b 63413507
|c 20170818
|g RCR
|
| 942 |
|
|
|c BK
|